Hamilton Bailey's Demonstrations of physical signs in clinical Surgery / (Record no. 35618)
[ view plain ]
| 000 -LEADER | |
|---|---|
| fixed length control field | 00644nam a22002177a 4500 |
| 005 - DATE AND TIME OF LATEST TRANSACTION | |
| control field | 20240429095750.0 |
| 008 - FIXED-LENGTH DATA ELEMENTS--GENERAL INFORMATION | |
| fixed length control field | 240429b |||||||| |||| 00| 0 eng d |
| 020 ## - INTERNATIONAL STANDARD BOOK NUMBER | |
| ISBN | 9781444169188 |
| 082 ## - DEWEY DECIMAL CLASSIFICATION NUMBER | |
| Classification number | 617.103 |
| Item number | LUM-H |
| 100 ## - MAIN ENTRY--AUTHOR | |
| Author Name | Lumley John S.P |
| 245 ## - TITLE STATEMENT | |
| Title | Hamilton Bailey's Demonstrations of physical signs in clinical Surgery / |
| Statement of responsibility, etc. | Anil K D Cruz, Jamal j Hoballah,Carol e h Scott |
| 250 ## - EDITION STATEMENT | |
| Edition statement | 19th ed. |
| 260 ## - PUBLICATION, DISTRIBUTION, ETC. | |
| Place of Publication | USA: |
| Name of publisher, distributor, etc. | CRC: |
| Date of publication, distribution, etc. | 2016 |
| 300 ## - PHYSICAL DESCRIPTION | |
| Pages | x,692p. |
| 500 ## - GENERAL NOTE | |
| General note | Include index . |
| 650 ## - SUBJECT ADDED ENTRY--TOPICAL TERM | |
| Subject / Department | Medical / Surgery |
| 700 ## - ADDED ENTRY--PERSONAL NAME | |
| Personal name | Anil K D Cruz |
| 700 ## - ADDED ENTRY--PERSONAL NAME | |
| Personal name | Jamal j Hoballah, |
| 700 ## - ADDED ENTRY--PERSONAL NAME | |
| Personal name | Carol e h Scott |
| 300 ## - PHYSICAL DESCRIPTION | |
| -- | ill; |
| -- | 27cm. |
| 952 ## - LOCATION AND ITEM INFORMATION (KOHA) | |
| -- | 0 |
| -- | 0 |
| Lost status | Damaged status | Collection code | Permanent Location | Current Location | Shelving Location | Date acquired | Full Call Number | Accession No./Barcode | Date last seen | item type | Koha item type |
|---|---|---|---|---|---|---|---|---|---|---|---|
| Medical | Superior Information Resource Center (SIRC) Superior University- Main Campus | Superior Information Resource Center (SIRC) Superior University- Main Campus | Surgery | 04/29/2024 | 617.103 LUM-H 2016 | 12717 | 04/29/2024 | BOOK | BOOK |
